000 00434nam a2200181Ia 4500
008 100920s9999 xx 000 0 und d
082 _b73470
_a6 0
100 _aRODRE ARNOLD.
245 _aMOMENT OF TRUTH.
260 _b---
_c0
300 _a105
_bसाधी
365 _b0
520 _aई.एल. एफ.
630 _aMOMENT OF TRUTH.
650 _aई.एल. एफ.
730 _aMOMENT OF TRUTH.
942 _cBOOK
999 _c715134
_d715131